Eastern India poised to usher in a new era: A study in the context of Viksit Bharat@2047 (Record no. 531783)
[ view plain ]
| 000 -LEADER | |
|---|---|
| fixed length control field | 01181nam a22001457a 4500 |
| 008 - FIXED-LENGTH DATA ELEMENTS--GENERAL INFORMATION | |
| fixed length control field | 251017b ||||| |||| 00| 0 eng d |
| 100 ## - MAIN ENTRY--PERSONAL NAME | |
| Personal name | Chatterjee, Mrinal Kumar |
| 245 ## - TITLE STATEMENT | |
| Title | Eastern India poised to usher in a new era: A study in the context of Viksit Bharat@2047 |
| 260 ## - PUBLICATION, DISTRIBUTION, ETC. (IMPRINT) | |
| Place of publication, distribution, etc | Bihar Journal of Public Administration |
| 300 ## - PHYSICAL DESCRIPTION | |
| Extent | 22(1-S), Jan-Jun, 2025: p.1-11 |
| 520 ## - SUMMARY, ETC. | |
| Summary, etc | The Mission ‘Viksit Bharat@2047’ cannot be achieved unless the states of Eastern India are developed. With this view in mind, the present paper attempts to assess the state of socio-economic development in Bihar, Jharkhand, Odisha and West Bengal and specific features of economies of these states. It further goes to underline the inhibiting factors and challenges faced by these states, issues in governance and politics and suggesting strategies to accelerate the pace of socioeconomic development in this region. – Reproduced http://www.iipabiharbranch.org/upload/BJPA_Vol.%20XXII%20No%201_S%20%20Jam-June%202025.pdf |
| 650 ## - SUBJECT ADDED ENTRY--TOPICAL TERM | |
| Topical term or geographic name as entry element | Agriculture, Eastern India, Governance, Labour, Poverty, Politics. |
| 9 (RLIN) | 57399 |
| 773 ## - HOST ITEM ENTRY | |
| Main entry heading | Bihar Journal of Public Administration |
| 942 ## - ADDED ENTRY ELEMENTS (KOHA) | |
| Item type | Articles |
| Withdrawn status | Lost status | Source of classification or shelving scheme | Damaged status | Not for loan | Permanent location | Current location | Date acquired | Serial Enumeration / chronology | Barcode | Date last seen | Koha item type |
|---|---|---|---|---|---|---|---|---|---|---|---|
| Indian Institute of Public Administration | Indian Institute of Public Administration | 2025-10-17 | 22(1-S), Jan-Jun, 2025: p.1-11 | AR137424 | 2025-10-17 | Articles |
